000 00590nam a22001937a 4500
003 OSt
005 20140310181715.0
008 121214t xxu||||| |||| 00| 0 eng d
020 _a9715693415
050 _a HQ 755.8
_b.T161 1999
082 _aFIL 302.874
_bT15 1999
100 _aTan, Emma R.
245 _aQuestions and answers on parenting :
_cEmma R. Tan
_ba handbook for parents, teachers, and everyone involved with children /
260 _aMakati City :
_bBookmark,
_cc1999.
300 _a377 p. :
_bill. ;
_c21 cm.
650 _aParenting
942 _2lcc
_cBK
999 _c1737
_d1737